00457nam a22001577a 450000500170000001000150001702000260003203500140005803700130007208200080008510000150009324500860010826000420019427000430023630000200027920200630154636.0 aENG-128258 c895.00a9789352290031 aEN-111790 bDBAD/PUB a396 aMary Beard aWoman as a foece in History/cby Mary Beardba studay in Traditions and Realites: aNew DelhibLekhshri Publicationc2015 a4695,21-A,DaryaganjbNew Delhie110002 a348p.c24cm(hb)